| 000 | 00640nam a2200229 a 4500 | ||
|---|---|---|---|
| 001 | 4585 | ||
| 003 | BD-RjUL | ||
| 005 | 20211208233922.0 | ||
| 008 | 160807s1998 ii ||||| |||| 00| 0 eng d | ||
| 020 | _a: 8171694918 | ||
| 035 | _a(BD-RjUL)4620 | ||
| 040 |
_aBD-RjUL _beng _cBD-RjUL _dBD-RjUL |
||
| 041 | _aeng | ||
| 082 | 0 | 4 |
_223 _a343.0711 _bSHS 1998 |
| 100 | 1 |
_aShrivastava, Sudharani _914473 |
|
| 245 | 1 |
_aSocio-legal aspect on consumerism / _cSudharani Shrivastava |
|
| 250 | _a1st ed. | ||
| 260 |
_aNew Delhi : _bCommonwealth publishers, _c1998. |
||
| 300 |
_axiv, 361 p. ; _b22 cm. |
||
| 650 | 7 |
_aconsumerism _914474 |
|
| 942 |
_2ddc _cBK |
||
| 999 |
_c4585 _d4585 |
||